BUBT Library Online Catalog

Basic Documents On International Humanitarian Law - South Asia Collection ( Treaties , National Lizitation , Cos - Law and Other Documents) (Record no. 4671)

000 -LEADER
fixed length control field 00722nam a2200205Ia 4500
003 - CONTROL NUMBER IDENTIFIER
control field BUBTL
008 - FIXED-LENGTH DATA ELEMENTS--GENERAL INFORMATION
fixed length control field 151213s9999 xx 000 0 und d
082 ## - DEWEY DECIMAL CLASSIFICATION NUMBER
Classification number 341.6'754/HAB
100 ## - MAIN ENTRY--PERSONAL NAME
Personal name Horland, Cristopher
9 (RLIN) 3980
245 ## - TITLE STATEMENT
Title Basic Documents On International Humanitarian Law - South Asia Collection ( Treaties , National Lizitation , Cos - Law and Other Documents)
Statement of responsibility, etc. Ed. By Cristopher Horland
250 ## - EDITION STATEMENT
Edition statement 1st
260 ## - PUBLICATION, DISTRIBUTION, ETC. (IMPRINT)
Place of publication, distribution, etc. New Delhi India
Name of publisher, distributor, etc. International Committee of The Red Cross
Date of publication, distribution, etc. c2010
300 ## - PHYSICAL DESCRIPTION
Extent [xii] , 1145p . :
Other physical details 22 cm.
650 ## - SUBJECT ADDED ENTRY--TOPICAL TERM
Topical term or geographic name as entry element Law
9 (RLIN) 3981
650 ## - SUBJECT ADDED ENTRY--TOPICAL TERM
Topical term or geographic name as entry element Law
9 (RLIN) 3981
700 ## - ADDED ENTRY--PERSONAL NAME
Personal name Ed. By Cristopher Horland
9 (RLIN) 3982
856 ## - ELECTRONIC LOCATION AND ACCESS
Password 0
Logon 0
Link text Download
942 ## - ADDED ENTRY ELEMENTS (KOHA)
Source of classification or shelving scheme
Koha item type Books
Holdings
Withdrawn status Lost status Source of classification or shelving scheme Damaged status Not for loan Collection code Permanent location Current location Shelving location Date acquired Inventory number Total Checkouts Full call number Barcode Date last seen Copy number Price effective from Koha item type
        Not For Loan Non-fiction Bangladesh University of Business and Technology Library Bangladesh University of Business and Technology Library Law Stacks 03/03/2021 13822   341.6'754/HAB BUBTL-200313822 03/03/2021 C-1 03/03/2021 Books
          Non-fiction Bangladesh University of Business and Technology Library Bangladesh University of Business and Technology Library Law Stacks 03/03/2021 13823   341.6'754/HAB BUBTL-200313823 03/03/2021 C-2 03/03/2021 Books
        Not For Loan Non-fiction Bangladesh University of Business and Technology Library Bangladesh University of Business and Technology Library Law Stacks 03/03/2021 13824   341.6'754/HAB BUBTL-200313824 03/03/2021 C-3 03/03/2021 Books
          Non-fiction Bangladesh University of Business and Technology Library Bangladesh University of Business and Technology Library Law Stacks 03/03/2021 13825   341.6'754/HAB BUBTL-200313825 03/03/2021 C-4 03/03/2021 Books
          Non-fiction Bangladesh University of Business and Technology Library Bangladesh University of Business and Technology Library Law Stacks 03/03/2021 13826   341.6'754/HAB BUBTL-200313826 03/03/2021 C-5 03/03/2021 Books

More Information About Library

Library Hours

  • Open: 9.00 am. to 9.00 pm.
  • Only Sunday: 9.00 am. to 6.00 pm.
  • Closed: Holiday

Contact to the University

Bangladesh University of Business and Technology Library

  • Mirpurl-2, 1216.
  • Phone:
  • Fax:
  • E-Mail: admin.library@bubt.edu.bd

Contact to the Library

Contact Person:

Md. Abdul Hakim Shah
Joint Librarian
PABX No:  113
Cell No: 01816332931
E-mail: official: admin.library@bubt.edu.bd
Personal: hakim.shah@bubt.edu.bd


BUBT Library

Copyright © 2021